| 000 | 00321nam a2200109Ia 4500 | ||
|---|---|---|---|
| 008 | 220204s9999 xx 000 0 und d | ||
| 082 |
_a061.6(035)(540) _bHAN |
||
| 245 | 0 | _aHandbook of research institutions in India | |
| 260 |
_aVaranasi _bIndian Bibliographic Centre _c1995 |
||
| 650 | _aResearch institutions | ||
| 942 | _cBK | ||
| 999 |
_c40760 _d40760 |
||